Statistics for Trigonometry Quiz

Click here to take the quiz!

General Stats

  • This quiz has been taken 704 times
  • The average score is 5 of 8

Answer Stats

HintAnswer% Correct
Adjacent/HypotenuseCosine
93%
Opposite/HypotenuseSine
91%
Opposite/AdjacentTangent
84%
Longest SideHypotenuse
75%
Nearest SideAdjacent
59%
Furthest SideOpposite
51%
Theorum used to find the HypotenusePythagoras
16%
Degrees one angle has to be to use trigonometry90
10%

Score Distribution

Percentile by Number Answered

Percent of People with Each Score

Your Score History

You have not taken this quiz